Maggie Rogers Charting Songs (Billboard Hot Rock) - Statistics

General Stats
  • This quiz has been taken 11 times
    7 since last reset
  • The average score is 4 of 9
Answer Stats
Album Weeks On Peak Artist(s) Song % Correct
Non-Album Single 26 Weeks #4 Zach Bryan ft. Maggie Rogers Dawns
100%
Now That the Light Is Fading 13 Weeks #18 Maggie Rogers Alaska
83%
Non-Album Single 1 Week #45 Maggie Rogers Don't Forget Me
50%
Surrender 2 Weeks #32 Maggie Rogers Want Want
50%
Surrender 1 Week #44 Maggie Rogers Anywhere With You
33%
Non-Album Single 1 Week #5 Phoebe Bridgers & Maggie Rogers Iris
17%
Now That the Light Is Fading 1 Week #44 Maggie Rogers On + Off
17%
Surrender 3 Weeks #28 Maggie Rogers That's Where I Am
17%
Non-Album Single 1 Week #34 Maggie Rogers The Kill
17%
No matching quizzes found
Score Distribution
Percent of People with Each Score
Percentile by Number Answered
Your Score History
You have not taken this quiz since the last reset